| 000 | 00000nam##2200000za#4500 |
| 001 | 9.606834 |
| 003 | CaOODSP |
| 005 | 20210624212825 |
| 007 | cr ||||||||||| |
| 008 | 150406|1996||||xxc|||||o f|0| 0 fre|d |
| 022 | |a1209-6784 |
| 040 | |aCaOODSP|bfre |
| 043 | |an-cn--- |
| 086 | 1 |aF1-23/1996-9F-IN |
| 110 | 1 |aCanada. |bMinistère des finances. |
| 245 | 10|aBudget sous forme graphique |h[ressource électronique] |
| 260 | |aOttawa - Ontario : |bFinances Canada |
| 300 | |a64p.|bgraphiques, tableaux |
| 490 | 1 |aBudget ... sous forme graphique |x1209-6784|vLe 6 mars 1996 |
| 590 | |a14-06-Supp|b2014-03-21 |
| 775 | 08|tBudget chart book |w(CaOODSP)9.579302 |
| 830 | #0|aBudget ... sous forme graphique,|x1209-6784|vLe 6 mars 1996|w(CaOODSP)9.500864 |
| 856 | 40|ahttp://publications.gc.ca|qPDF|s410 Ko|uhttps://publications.gc.ca/collections/Collection/F1-23-1996-9F.pdf|yLe 6 mars 1996 |